000 00645nam a2200217Ia 4500
005 20260429111936.0
008 260429s9999||||xx |||||||||||||| ||und||
020 _a9789359780887
041 _aEnglish
082 _a796.06
_bSHA
100 _aSharma, Sanjay
245 0 _aSports Administration and Management :
_bprinciples , strategies and practices /
_cSanjay Sharma
250 _a1st ed.
260 _aNew Delhi :
_bFriends Publications (India),
_c2023.
300 _aix, 212 p.; hb
650 _a Leadership
650 _a Organizational studies
650 _a Sports management
650 _aSports administration
942 _cTB
999 _c51541
_d51541